[Event "UAE President Cup 13th"]
[Site "Dubai"]
[Date "2007.01.22"]
[Round "5"]
[White "Othman, Rabeea"]
[Black "Omar, Abdulwahab"]
[Result "1-0"]
[WhiteElo "2056"]
[BlackElo "1978"]
[PlyCount "39"]
[EventDate "2007.01.18"]
[EventType "swiss"]
[EventRounds "9"]
[EventCountry "UAE"]
[SourceTitle "EXT 2018"]
[Source "ChessBase"]
[SourceDate "2017.10.13"]
[SourceVersion "1"]
[SourceVersionDate "2017.10.13"]
[SourceQuality "1"]

1. d4 d5 2. Nc3 f5 3. Bf4 c6 4. e3 e6 5. Nf3 Nf6 6. Ne5 Nbd7 7. Be2 Nxe5 8. dxe5 Ne4 9. Nxe4 fxe4 10. 0-0 Be7 11. f3 exf3 12. Rxf3 0-0 13. Rh3 g5 14. Bd3 Rf7 15. Qh5 gxf4 16. Bxh7+ Kf8 17. Bg6 Rg7 18. Qh8+ Rg8 19. Qh6+ Rg7 20. Qxf4+ 1-0

[Event "UAE President Cup 13th"]
[Site "Dubai"]
[Date "2007.01.21"]
[Round "4"]
[White "Taleb, Moussa"]
[Black "Othman, Rabeea"]
[Result "1-0"]
[WhiteElo "2377"]
[BlackElo "2056"]
[PlyCount "69"]
[EventDate "2007.01.18"]
[EventType "swiss"]
[EventRounds "9"]
[EventCountry "UAE"]
[SourceTitle "EXT 2018"]
[Source "ChessBase"]
[SourceDate "2017.10.13"]
[SourceVersion "1"]
[SourceVersionDate "2017.10.13"]
[SourceQuality "1"]

1. Nf3 d5 2. d4 Nc6 3. Bf4 Bf5 4. e3 Nf6 5. Bb5 Bd7 6. c4 e6 7. c5 g6 8. h3 Bg7 9. Bxc6 Bxc6 10. Ne5 0-0 11. Nxc6 bxc6 12. Qa4 Qb8 13. b3 Qb7 14. Nd2 Nd7 15. 0-0 e5 16. Bh2 Rfe8 17. Rac1 exd4 18. exd4 Re2 19. Nf3 Re4 20. Rfd1 Bh6 21. Rc2 Rae8 22. Qa5 Bf4 23. Bxf4 Rxf4 24. Qd2 Rfe4 25. Ng5 R4e7 26. Qf4 Qa6 27. Qxc7 f6 28. Nf3 Ne5 29. Qd6 Re6 30. dxe5 Rxd6 31. exd6 Qb7 32. Nd4 Qa6 33. b4 Qa4 34. b5 Qa5 35. d7 1-0

[Event "Dubai op"]
[Site "Dubai"]
[Date "2001.04.20"]
[Round "6"]
[White "Othman, Rabeea"]
[Black "Asylguzhin, Radik"]
[Result "0-1"]
[WhiteElo "2097"]
[BlackElo "2384"]
[PlyCount "94"]
[EventDate "2001.04.15"]
[EventType "swiss"]
[EventRounds "9"]
[EventCountry "UAE"]
[SourceTitle "CBM 083"]
[Source "ChessBase"]
[SourceDate "2001.07.05"]
[SourceVersion "1"]
[SourceVersionDate "2001.07.05"]
[SourceQuality "1"]

1. d4 d5 2. Nc3 Bf5 3. Bf4 e6 4. e3 Nf6 5. h3 Be7 6. Nf3 0-0 7. Nh4 Bg6 8. Nxg6 hxg6 9. Be2 c5 10. 0-0 Nc6 11. Bb5 Rc8 12. Qd2 Qb6 13. Bxc6 Qxc6 14. a3 cxd4 15. exd4 Bd8 16. Qd3 Ba5 17. Nb5 Qxc2 18. Qxc2 Rxc2 19. Nxa7 Rxb2 20. Rfb1 Bc3 21. Rxb2 Bxb2 22. Rb1 Bxa3 23. Rb3 Nh5 24. Bc7 Bc1 25. Rxb7 Bf4 26. Bb6 Rb8 27. Rxb8+ Bxb8 28. Nc6 Bd6 29. g3 Nf6 30. Kg2 Kf8 31. Ba5 Ke8 32. Kf3 Ne4 33. h4 Kd7 34. Nd8 f6 35. Nf7 Bb8 36. Ke3 Ba7 37. Nh8 e5 38. Nxg6 Bxd4+ 39. Ke2 Bxf2 40. g4 Bc5 41. Kf3 Ke6 42. h5 Ng5+ 43. Ke2 d4 44. Bd2 Kd5 45. Nh4 Ne4 46. Be1 Nd6 47. Nf5 Nxf5 0-1

[Event "Dubai op"]
[Site "Dubai"]
[Date "2000.05.04"]
[Round "6"]
[White "Othman, Rabeea"]
[Black "Ali Saif, Alshaali"]
[Result "1/2-1/2"]
[WhiteElo "2095"]
[BlackElo "2160"]
[PlyCount "23"]
[EventDate "2000.04.28"]
[EventType "swiss"]
[EventRounds "9"]
[EventCountry "UAE"]
[SourceTitle "EXT 2001"]
[Source "ChessBase"]
[SourceDate "2000.11.22"]
[SourceVersion "1"]
[SourceVersionDate "2000.11.22"]
[SourceQuality "1"]

1. d4 Nf6 2. Nc3 g6 3. e4 d6 4. Bg5 Nbd7 5. Nf3 h6 6. Bh4 Bg7 7. Qd2 c6 8. 0-0-0 b5 9. e5 b4 10. exf6 bxc3 11. Qxc3 Nxf6 12. Bd3 1/2-1/2

[Event "Dubai op"]
[Site "Dubai"]
[Date "2000.04.29"]
[Round "2"]
[White "Mamedov, Nidjat"]
[Black "Othman, Rabeea"]
[Result "1-0"]
[WhiteElo "2341"]
[BlackElo "2095"]
[PlyCount "78"]
[EventDate "2000.04.28"]
[EventType "swiss"]
[EventRounds "9"]
[EventCountry "UAE"]
[SourceTitle "EXT 2001"]
[Source "ChessBase"]
[SourceDate "2000.11.22"]
[SourceVersion "1"]
[SourceVersionDate "2000.11.22"]
[SourceQuality "1"]

1. e4 e6 2. d4 d5 3. Nd2 Nf6 4. e5 Nfd7 5. Bd3 c5 6. c3 Nc6 7. Ne2 Qb6 8. Nf3 cxd4 9. cxd4 Bb4+ 10. Bd2 Bxd2+ 11. Qxd2 Qb4 12. Rc1 Qxd2+ 13. Nxd2 Nb4 14. Bb1 Nb6 15. a3 Nc6 16. 0-0 Bd7 17. b3 Ke7 18. Rc5 h6 19. f4 Rac8 20. Kf2 a6 21. Ke3 Na7 22. Rfc1 Bc6 23. a4 Rc7 24. f5 Rhc8 25. Nf4 Nd7 26. R5c3 Nf8 27. Nh5 g6 28. fxg6 fxg6 29. Nf6 Kf7 30. h4 Kg7 31. g4 Nh7 32. Nxh7 Kxh7 33. h5 Rf8 34. hxg6+ Kg7 35. Nf1 Nc8 36. Ng3 Re7 37. Nh5+ Kg8 38. Rh1 Nb6 39. g5 Nd7 1-0

[Event "Dubai op"]
[Site "Dubai"]
[Date "2000.04.28"]
[Round "1"]
[White "Othman, Rabeea"]
[Black "Bagirov, Rufat"]
[Result "1/2-1/2"]
[WhiteElo "2095"]
[BlackElo "2481"]
[PlyCount "108"]
[EventDate "2000.04.28"]
[EventType "swiss"]
[EventRounds "9"]
[EventCountry "UAE"]
[SourceTitle "EXT 2001"]
[Source "ChessBase"]
[SourceDate "2000.11.22"]
[SourceVersion "1"]
[SourceVersionDate "2000.11.22"]
[SourceQuality "1"]

1. d4 Nf6 2. Nc3 e6 3. e4 d5 4. e5 Nfd7 5. Nf3 c5 6. Bb5 Nc6 7. 0-0 Be7 8. dxc5 Bxc5 9. Na4 Be7 10. c4 dxc4 11. Qe2 Qc7 12. Qxc4 0-0 13. Re1 a6 14. Bxc6 bxc6 15. Bd2 Bb7 16. Qg4 Rfc8 17. Re2 c5 18. Rae1 c4 19. Nc3 Rab8 20. Bh6 Bf8 21. Nd2 Nc5 22. Re3 g6 23. Bxf8 Rxf8 24. Nxc4 Nd7 25. Ne4 Bd5 26. b3 Bxc4 27. bxc4 Qxe5 28. Ng5 Qg7 29. h3 Rb2 30. Rd1 Nc5 31. Re2 h6 32. Rxb2 Qxb2 33. Nf3 Qxa2 34. Qd4 Qa5 35. Ne5 h5 36. Nc6 Qb6 37. Ne5 Qc7 38. g4 Kh7 39. Kf1 f6 40. Nd7 Nxd7 41. Qxd7+ Qxd7 42. Rxd7+ Kh6 43. Rd6 hxg4 44. hxg4 e5 45. Rxa6 Kg5 46. f3 Rc8 47. Ra4 e4 48. Kf2 Rb8 49. fxe4 Kf4 50. c5 Rb2+ 51. Ke1 Rc2 52. Ra6 Ke5 53. g5 fxg5 54. Rxg6 Kxe4 1/2-1/2

[Event "Abu Dhabi op 09th"]
[Site "Abu Dhabi"]
[Date "1999.08.30"]
[Round "9"]
[White "Othman, Rabeea"]
[Black "Bajarani, Ilgar"]
[Result "0-1"]
[WhiteElo "2095"]
[BlackElo "2368"]
[PlyCount "82"]
[EventDate "1999.08.21"]
[EventType "swiss"]
[EventRounds "9"]
[EventCountry "UAE"]
[SourceTitle "EXT 2000"]
[Source "ChessBase"]
[SourceDate "1999.11.16"]
[SourceVersion "1"]
[SourceVersionDate "1999.11.16"]
[SourceQuality "1"]

1. d4 d5 2. c4 e6 3. Nc3 Bb4 4. a3 Bxc3+ 5. bxc3 Nf6 6. Bg5 Nbd7 7. Nf3 0-0 8. e3 c5 9. cxd5 exd5 10. Bd3 Qa5 11. Qc2 c4 12. Bf5 Re8 13. Nd2 g6 14. Bxd7 Nxd7 15. 0-0 Nb6 16. Nb1 Bf5 17. Qd2 Na4 18. Rc1 Re6 19. h3 Rb6 20. Be7 Rb2 21. Qd1 b5 22. Qf3 Re8 23. Bg5 Qc7 24. Bh6 Qd8 25. Qf4 a6 26. g4 Bxb1 27. Bg5 Qb8 28. Raxb1 Qxf4 29. Bxf4 Rxb1 30. Rxb1 Nxc3 31. Rb2 f6 32. h4 Kf7 33. Bc7 h5 34. gxh5 gxh5 35. Ba5 Na4 36. Rc2 Kg6 37. Kg2 Kf5 38. Be1 Ke4 39. Kg3 Rg8+ 40. Kh3 Kf3 41. Bb4 Rg1 0-1

[Event "Dubai op"]
[Site "Dubai"]
[Date "1999.05.03"]
[Round "3"]
[White "Othman, Rabeea"]
[Black "El Arousy, Abdul Hameed"]
[Result "0-1"]
[WhiteElo "2087"]
[BlackElo "2335"]
[PlyCount "104"]
[EventDate "1999.05.??"]
[EventType "swiss"]
[EventRounds "9"]
[EventCountry "UAE"]
[SourceTitle "CBM 070 Extra"]
[Source "ChessBase"]
[SourceDate "1999.07.10"]
[SourceVersion "1"]
[SourceVersionDate "1999.07.10"]
[SourceQuality "1"]

1. d4 Nf6 2. c4 g6 3. Nc3 Bg7 4. e4 d6 5. Nf3 0-0 6. Be2 e5 7. dxe5 dxe5 8. Qxd8 Rxd8 9. Bg5 Re8 10. 0-0-0 Na6 11. h3 Nc5 12. Bd3 c6 13. Bc2 a5 14. Rd6 Be6 15. Rhd1 Nfd7 16. b3 Bf8 17. R6d2 Rec8 18. Be3 f6 19. Kb2 Rc7 20. Ne1 a4 21. Nd3 Nxd3+ 22. Rxd3 axb3 23. axb3 Ba3+ 24. Kb1 Kf7 25. f4 exf4 26. Bxf4 Ne5 27. Rd8 Rcc8 28. Rxc8 Rxc8 29. Ne2 Re8 30. Bxe5 fxe5 31. Ng1 Bc8 32. Nf3 h6 33. Bd3 Bc5 34. Be2 Kf6 35. Kc2 Bb4 36. Nh2 Kg5 37. Rf1 Kh4 38. Rf3 Rd8 39. Nf1 Rf8 40. Kd1 Be6 41. Rd3 Ra8 42. Nh2 Ra1+ 43. Kc2 Ra2+ 44. Kd1 Kg5 45. Bf3 Bxh3 46. gxh3 Rxh2 47. Bg4 Kf4 48. Rd7 h5 49. Be6 Ke3 50. Rxb7 Bc5 51. b4 Kd3 52. Kc1 Bd4 0-1

[Event "Dubai op"]
[Site "Dubai"]
[Date "1999.05.02"]
[Round "2"]
[White "Ibrahimov, Rasul"]
[Black "Othman, Rabeea"]
[Result "1/2-1/2"]
[WhiteElo "2378"]
[BlackElo "2087"]
[PlyCount "118"]
[EventDate "1999.05.??"]
[EventType "swiss"]
[EventRounds "9"]
[EventCountry "UAE"]
[SourceTitle "CBM 070 Extra"]
[Source "ChessBase"]
[SourceDate "1999.07.10"]
[SourceVersion "1"]
[SourceVersionDate "1999.07.10"]
[SourceQuality "1"]

1. Nf3 d5 2. g3 c6 3. Bg2 Nf6 4. 0-0 Bf5 5. b3 Nbd7 6. Bb2 Qc7 7. c4 dxc4 8. bxc4 e5 9. d3 Be7 10. Nbd2 h6 11. Qc2 0-0 12. Rab1 Rfe8 13. Bc3 Bd6 14. Nh4 Bh7 15. Rfd1 Nf8 16. Nb3 Ne6 17. Nf3 Nd7 18. Nfd2 Rac8 19. Ne4 Bf8 20. Na5 Nd8 21. a4 b6 22. Nb3 Kh8 23. Ned2 Nb7 24. a5 b5 25. a6 Nbc5 26. Ba5 Qb8 27. Nxc5 Nxc5 28. Qa2 Nxa6 29. cxb5 cxb5 30. Qxf7 Rc2 31. Qb7 Qxb7 32. Bxb7 Nc7 33. Bxc7 Rxc7 34. Rxb5 Rc2 35. Ra5 Bb4 36. Rxa7 Bxd2 37. Bf3 Rc1 38. Rxc1 Bxc1 39. Kg2 e4 40. dxe4 Bxe4 41. Bxe4 Rxe4 42. Kf3 Re6 43. h4 Bb2 44. Rd7 Bc3 45. e3 Bb4 46. h5 Kg8 47. Rb7 Bc5 48. g4 Rf6+ 49. Ke2 Rb6 50. Rd7 Rb2+ 51. Kf3 Bb4 52. Rb7 Bc3 53. Rxb2 Bxb2 54. Ke4 Kf7 55. Kf5 Bc1 56. e4 Bd2 57. f4 Be3 58. e5 Bc1 59. g5 Bd2 1/2-1/2

[Event "Olympiad-32"]
[Site "Yerevan"]
[Date "1996.09.18"]
[Round "3.4"]
[White "Othman, Rabeea"]
[Black "Jones, Iolo Cerredig"]
[Result "0-1"]
[WhiteElo "2145"]
[BlackElo "2230"]
[PlyCount "112"]
[EventDate "1996.09.15"]
[EventType "team-swiss"]
[EventRounds "14"]
[EventCountry "ARM"]
[SourceTitle "CBM 055"]
[Source "ChessBase"]
[SourceDate "1996.12.01"]
[SourceVersion "1"]
[SourceVersionDate "1996.12.01"]
[SourceQuality "1"]
[WhiteTeam "United Arab Emirates"]
[BlackTeam "Wales"]
[WhiteTeamCountry "UAE"]
[BlackTeamCountry "WLS"]

1. d4 Nf6 2. c4 d6 3. Nc3 e5 4. d5 Be7 5. e4 0-0 6. Be2 Nbd7 7. Be3 Ne8 8. Qd2 g6 9. 0-0-0 Ng7 10. h4 f5 11. Bh6 Nf6 12. h5 Nxe4 13. Nxe4 fxe4 14. hxg6 hxg6 15. Be3 Nf5 16. Kb1 Nxe3 17. Qxe3 Bg5 18. Qg3 Qf6 19. Qh2 Rf7 20. Rf1 Bd7 21. g3 Qg7 22. Nh3 Be7 23. Qg2 Raf8 24. g4 e3 25. fxe3 Rxf1+ 26. Rxf1 Rxf1+ 27. Qxf1 Qh6 28. Qf3 Qh4 29. Nf2 Qh2 30. Ne4 Qg1+ 31. Kc2 Kg7 32. Qf2 Qa1 33. Nc3 Qh1 34. Bf3 Qh3 35. Qe2 a6 36. a3 Bg5 37. Ne4 Qh6 38. Kd2 Qh4 39. b4 Be7 40. Kc3 Be8 41. Qf2 Qh3 42. Qg2 Qh6 43. Kd3 Bg5 44. c5 Bb5+ 45. Kc2 dxc5 46. Nxc5 Bxe3 47. Ne6+ Kg8 48. Nxc7 Ba4+ 49. Kd3 Bb6 50. g5 Qh4 51. Ne6 Bb5+ 52. Kd2 Qc4 53. Be4 Qa2+ 54. Ke1 Qxa3 55. Qf3 Qc1+ 56. Qd1 Qe3+ 0-1